000 01718nam a2200445 i 4500
001 52906
003 KOSZ 005
005 20221122123949.0
008 040123s2001 pl a f |000 0 pol
015 _aPB 2004/11786
020 _a8387674257
035 _a(OCoLC)830304707
040 _aWA N
_cWA N
_dKOSZ 005/HR
046 _k2001
080 _a616-089
245 0 0 _aSztuczne narządy /
_cred. t. Marek Darowski [et al.] ; Polska Akademia Nauk.
260 _aWarszawa :
_b"Exit" :
_bprzy współpr. Polskiego Towarzystwa Inżynierii Biomedycznej,
_c2001.
300 _aXVI, [8], 523 s. :
_bfot., rys., tab., wykr. ;
_c24 cm.
336 _2rdacontent
_aTekst
_btxt
337 _2rdamedia
_aBez urządzenia pośredniczącego
_bn
338 _2rdacarrier
_aWolumin
_bnc
380 _aKsiążki
388 _a2001-
490 1 _aBiocybernetyka i inżynieria biomedyczna 2000 / pod red. Macieja Nałęcza ;
_vt. 3.
504 _aBibliogr. przy rozdz.
650 4 _aInżynieria biomedyczna
650 4 _aSztuczne narządy
655 4 _aMonografia
658 _aMedycyna i zdrowie
658 _aInżynieria i technika
700 1 _aDarowski, Marek
_eRedakcja
700 1 _aWeryński, Andrzej
_d(1937- )
_eRedakcja
700 1 _aWójcicki, Jan Maria
_d(1946-2013)
_eRedakcja
700 1 _aNałęcz, Maciej
_d(1922-2009)
_eRedakcja
700 1 _aOrłowski, Tadeusz
_eRedakcja
710 2 _aAkademicka Oficyna Wydawnicza Exit
_4pbl.
830 0 _aBiocybernetyka i inżynieria biomedyczna 2000
_vt. 3
856 _uhttp://koha.tu.koszalin.pl/cgi-bin/koha/opac-detail.pl?biblionumber=52906
_yKatalog online BPK
942 _2UKD
_cKS
999 _c52906
_d52906